Statistics for Random U.S. State to State Capital

Click here to take the quiz!

General Stats

  • This quiz has been taken 2,186 times
  • The average score is 8 of 10

Answer Stats

StateCapital City% Correct
ArizonaPhoenix
96%
MassachusettsBoston
95%
AlaskaJuneau
95%
CaliforniaSacramento
94%
GeorgiaAtlanta
93%
HawaiiHonolulu
93%
ColoradoDenver
92%
TexasAustin
91%
UtahSalt Lake City
91%
IndianaIndianapolis
89%
IdahoBoise
88%
ArkansasLittle Rock
88%
AlabamaMontgomery
88%
New YorkAlbany
87%
New MexicoSanta Fe
86%
OhioColumbus
85%
IowaDes Moines
85%
FloridaTallahassee
85%
WyomingCheyenne
84%
MissouriJefferson City
84%
IllinoisSpringfield
84%
MississippiJackson
83%
VermontMontpelier
82%
OklahomaOklahoma City
82%
LouisianaBaton Rouge
81%
MinnesotaSaint Paul
81%
KansasTopeka
81%
PennsylvaniaHarrisburg
80%
MichiganLansing
80%
DelawareDover
79%
ConnecticutHartford
79%
WashingtonOlympia
79%
Rhode IslandProvidence
79%
OregonSalem
79%
MaineAugusta
78%
NevadaCarson City
78%
TennesseeNashville
78%
MarylandAnnapolis
77%
New HampshireConcord
77%
MontanaHelena
77%
KentuckyFrankfort
76%
North CarolinaRaleigh
76%
New JerseyTrenton
76%
South CarolinaColumbia
75%
South DakotaPierre
75%
VirginiaRichmond
73%
West VirginiaCharleston
72%
WisconsinMadison
72%
North DakotaBismarck
70%
NebraskaLincoln
70%

Score Distribution

Percentile by Number Answered

Percent of People with Each Score

Your Score History

You have not taken this quiz